| 000 | 00509nam a2200169Ia 4500 | ||
|---|---|---|---|
| 999 |
_c8290 _d8290 |
||
| 003 | OSt | ||
| 005 | 20201009113919.0 | ||
| 008 | 190216s9999||||xx |||||||||||||| ||und|| | ||
| 040 | _coclc | ||
| 082 |
_a005 _bKOR/I |
||
| 100 |
_aKoroth, Abdul Assis _91079 |
||
| 245 | 0 |
_aInformation Technolgy For Business / _cAbdul Assis Koroth |
|
| 260 |
_bCalicut University Central Co-Operative, _c2003. _aCalicut: |
||
| 300 | _a401p | ||
| 650 | _aCommerce | ||
| 942 |
_cBK _2ddc _h005 _iKOR/I _k005 _mKOR/I |
||